000 00331nam a2200133Ia 4500
008 150201s2009 xx 000 0 und d
082 _a610
_bH09C
100 _aCHAPMAN,STEPHAN
245 _aOXFORD OF RESPIRATORY MEDICINE
250 _a2ND
260 _bOXFORD
_aNEW YORK
_c2009
650 _aMEDICINE AND DIAGNOSIS
942 _2ddc
_cBK
999 _c797
_d797